Performance Measurement in Education Public Services Based on the Value for Money Concept

Návrh možných ukazovateľov výkonnosti vo vzdelávaní verejných služieb na základe koncepcie hodnoty za peniaze. Forma návrhu možných ukazovateľov výkonnosti obohatená o spätnú väzbu od odborníkov v oblasti vzdelávania a riaditeľov škôl prostredníctvom štruktúrovaných rozhovorov. Návrh možných ukazova...

Ausführliche Beschreibung

Gespeichert in:
Bibliographische Detailangaben
1. Verfasser: Meričková Mikušová, Beáta
Weitere Verfasser: Štrangfeldová, Jana, Muthová, Nikoleta, Štefanišinová, Nikola
Format: Buchkapitel
Sprache:Englisch
Schlagworte:
Tags: Tag hinzufügen
Keine Tags, Fügen Sie das erste Tag hinzu!

MARC

LEADER 00000naa a2200000 4500
001 0268855
005 20201001094232.4
041 0 |a eng 
044 |a CZ 
245 1 0 |a Performance Measurement in Education Public Services Based on the Value for Money Concept  |c Beáta Meričková Mikušová, Jana Štrangfeldová, Nikoleta Muthová, Nikola Štefanišinová 
520 |a Návrh možných ukazovateľov výkonnosti vo vzdelávaní verejných služieb na základe koncepcie hodnoty za peniaze. Forma návrhu možných ukazovateľov výkonnosti obohatená o spätnú väzbu od odborníkov v oblasti vzdelávania a riaditeľov škôl prostredníctvom štruktúrovaných rozhovorov. Návrh možných ukazovateľov výkonnosti ako úvodný náčrt vhodných ukazovateľov výkonnosti pre model merania a hodnotenia výkonnosti verejných gymnázií v budúcnosti. 
610 2 0 |a služby verejné 
610 2 0 |a výkonnosť 
610 2 0 |a vzdelávanie 
610 2 0 |a Slovensko 
610 2 0 |a riadenie výkonov 
100 1 |a Meričková Mikušová, Beáta 
700 1 |a Štrangfeldová, Jana 
700 1 |a Muthová, Nikoleta 
700 1 |a Štefanišinová, Nikola